000 003800000a22000970004500
100 1 _aRedacción Cambio 16
245 1 0 _aLos curas legales : Mientras el negocio de la droga sea ilegal, la corrupción seguirá. El padre Hoyos y el obispo Belarmino, voces que suman a la legalización
300 _aVol. 61, Num. 61 (Agosto, 1994), Páginas 14-19
773 0 _tCambio 16
942 _cANA
999 _c58575
_d58575